Top 10 Formula One Drivers - 2010s - Statistics

General Stats
  • This quiz has been taken 859 times
  • The average score is 21 of 26
Answer Stats
Year Pos. Points Driver % Correct
2019 1 413 Lewis Hamilton
99%
2019 5 240 Sebastian Vettel
99%
2016 10 54 Fernando Alonso
98%
2019 3 278 Max Verstappen
98%
2016 1 385 Nico Rosberg
97%
2018 3 251 Kimi Räikkönen
96%
2019 4 264 Charles Leclerc
95%
2019 2 326 Valtteri Bottas
95%
2019 9 54 Daniel Ricciardo
94%
2014 8 126 Jenson Button
92%
2013 3 199 Mark Webber
92%
2019 10 52 Sergio Perez
88%
2015 6 121 Felipe Massa
87%
2019 6 96 Carlos Sainz Jr.
84%
2019 7 95 Pierre Gasly
83%
2018 7 69 Nico Hülkenberg
81%
2011 8 76 Michael Schumacher
80%
2017 8 87 Esteban Ocon
78%
2019 8 92 Alexander Albon
77%
2013 7 132 Romain Grosjean
76%
2018 9 56 Kevin Magnussen
72%
2015 7 95 Daniil Kvyat
70%
2010 8 136 Robert Kubica
61%
2010 10 47 Rubens Barrichello
61%
2011 10 37 Vitaly Petrov
48%
2011 9 42 Adrian Sutil
44%
No matching quizzes found
Score Distribution
Percent of People with Each Score
Percentile by Number Answered
Your Score History
You have not taken this quiz